Management and Organisational Behaviour (Record no. 735)

MARC details
000 -LEADER
fixed length control field 00463nam a22001817a 4500
005 - DATE AND TIME OF LATEST TRANSACTION
control field 20180720151732.0
008 - FIXED-LENGTH DATA ELEMENTS--GENERAL INFORMATION
fixed length control field 160513b xxu||||| |||| 00| 0 eng d
020 ## - INTERNATIONAL STANDARD BOOK NUMBER
ISBN 81-317-0927-2
041 ## - LANGUAGE CODE
Language code of text/sound track or separate title eng
082 ## - DEWEY DECIMAL CLASSIFICATION NUMBER
Item number 1971
Classification number 658.3
100 ## - MAIN ENTRY--AUTHOR NAME
Personal name Mullins, Lourie J.
245 ## - TITLE STATEMENT
Title Management and Organisational Behaviour
250 ## - EDITION STATEMENT
Edition statement 7th ed.
260 ## - PUBLICATION, DISTRIBUTION, ETC. (IMPRINT)
Place of publication Noida
Name of publisher Dorlung Kindesley India P. Ltd.
300 ## - PHYSICAL DESCRIPTION
Number of Pages 1050p,
650 ## - SUBJECT ADDED ENTRY--TOPICAL TERM
Topical Term Management
942 ## - ADDED ENTRY ELEMENTS (KOHA)
Koha item type Books
Holdings
Lost status Damaged status Collection code Home library Current library Shelving location Date acquired Full call number Accession Number Koha item type
    MANAGEMENT JRU Library JRU Library SHELF-64-B 13/05/2016 658.3 1971 Books
    MANAGEMENT JRU Library JRU Library SHELF-64-B 13/05/2016 658.3 1972 Books